01415nam a2200325Ia 4500001001100000003000800011006001900019007001500038008004100053010001700094020001500111040002100126035002000147050002300167082002300190100001600213245009300229260006400322300001800386490006500404504006400469533015200533650004700685650004400732650004800776655002900824710001700853830009400870856012500964ebr5007883CaPaEBRm u cr cn|||||||||990210s2000 enk sb 001 0 eng d z 99019518  z0521583772 aCaPaEBRcCaPaEBR a(OCoLC)5116080114aK721.5b.A8 2000eb04a343/.1241/02522211 aAllen, Tom.14aThe right to property in commonwealth constitutionsh[electronic resource] /cTom Allen. aCambridge ;aNew York :bCambridge University Press,c2000. axxiii, 268 p.1 aCambridge studies in international and comparative law ;v11 aIncludes bibliographical references (p. 253-262) and index. aElectronic reproduction.bPalo Alto, Calif. :cebrary,d2013.nAvailable via World Wide Web.nAccess may be limited to ebrary affiliated libraries. 0aRight of propertyzCommonwealth countries. 0aEminent domainzCommonwealth countries. 0aCompensation (Law)zCommonwealth countries. 7aElectronic books.2local2 aebrary, Inc. 0aCambridge studies in international and comparative law (Cambridge, England : 1996) ;v11.40uhttp://site.ebrary.com/lib/rucke/Doc?id=5007883zAn electronic book accessible through the World Wide Web; click to view